Operačné riziko ako súčasť smernice BASEL II
Operačné riziko je v súčasnosti považované za veľmi dôležité a významné riziko, pretože priamo súvisí a je závislé od ľudskej činnosti, ľudského faktora a ich zlyhania, prípadne od zlyhania nastavených postupov a systémov vnútri banky alebo od pôsobenia a zlyhania vonkajších faktorov. Dôležitosť ope...
Saved in:
| Main Author: | |
|---|---|
| Format: | Book Chapter |
| Language: | Slovak |
| Subjects: | |
| Tags: |
No Tags, Be the first to tag this record!
|
MARC
| LEADER | 00000nla$a2200000$$$4500 | ||
|---|---|---|---|
| 001 | 0112564 | ||
| 005 | 20240502072242.0 | ||
| 041 | 0 | |a slo | |
| 044 | |a SK | ||
| 245 | 1 | 0 | |a Operačné riziko ako súčasť smernice BASEL II |c Peter Korduliak |
| 520 | |a Operačné riziko je v súčasnosti považované za veľmi dôležité a významné riziko, pretože priamo súvisí a je závislé od ľudskej činnosti, ľudského faktora a ich zlyhania, prípadne od zlyhania nastavených postupov a systémov vnútri banky alebo od pôsobenia a zlyhania vonkajších faktorov. Dôležitosť operačného rizika súvisí aj s tým, že v podstate vzniká ešte skôr ako sa objaví kreditné a trhové riziko. | ||
| 610 | 2 | 0 | |a riziko operačné |
| 610 | 2 | 0 | |a definície |
| 610 | 2 | 0 | |a smernice |
| 610 | 2 | 0 | |a Európska únia |
| 610 | 2 | 0 | |a Slovensko |
| 100 | 1 | |a Korduliak, Peter | |